Ekonomický pohľad na reštrukturalizáciu vybranej spoločnosti diplomová práca
Enregistré dans:
| Auteur principal: | |
|---|---|
| Collectivité auteur: | |
| Autres auteurs: | |
| Format: | Livre |
| Langue: | slovaque |
| Publié: |
Košice
2015
|
| Tags: |
Pas de tags, Soyez le premier à ajouter un tag!
|
MARC
| LEADER | 00000nbm a2200000 4500 | ||
|---|---|---|---|
| 001 | 0202253 | ||
| 005 | 20161212094458.4 | ||
| 041 | 0 | |a slo | |
| 044 | |a SK | ||
| 245 | 1 | 0 | |a Ekonomický pohľad na reštrukturalizáciu vybranej spoločnosti |b diplomová práca |c Peter Pňakovič ; školiteľ: Oľga Kmeťová |
| 264 | 1 | |a Košice |c 2015 | |
| 300 | |a 67 s. | ||
| 100 | 1 | |a Pňakovič, Peter | |
| 700 | 1 | |a Kmeťová, Oľga, 1959- | |
| 710 | 2 | |a Podnikovohospodárska fakulta EU so sídlom v Košiciach. Katedra finančného riadenia podniku | |